| 000 | 01401nam0a2200337 4500 | ||
|---|---|---|---|
| 001 | RU\NLR\BIBL_A\022501798 | ||
| 005 | 20250630133348.0 | ||
| 010 |
_a978-5-00240-091-1 _9117 |
||
| 021 |
_aRU _bКН-П-25-001154 _9КН-П-25-0100 |
||
| 035 | _a(NLR Aleph) 022501798 | ||
| 090 |
_a13446279 _c13446279 |
||
| 100 | _a20250325d2024 u y0rusy50 ca | ||
| 101 | 0 | _arus | |
| 102 | _aRU | ||
| 105 | _aa z 000gy | ||
| 181 | 0 |
_ai _baxxe |
|
| 182 | 0 | _an | |
| 200 | 1 |
_aРусь моя – дорога к дому _e[стихи] _fАндрей Комаров _g[художники: Альбина Погребная, Кира Александрова] |
|
| 203 |
_aТекст _bвизуальный _cнепосредственный |
||
| 210 |
_aМосква _cЭкоэнергосервис, Наш круг _d2024 |
||
| 215 |
_a114, [5] с. _cцв. ил. _d22 |
||
| 333 | _a6+ | ||
| 686 | 2 | _aШ6(2=Р)8-5 | |
| 700 | 1 |
_7ca _8rus _aКомаров _bА. А. _cпоэт _f1977- _gАндрей Александрович _92653154 _3RU\NLR\AUTH\770281187 |
|
| 702 | 1 |
_aПогребная _bА. _gАльбина _4440 |
|
| 702 | 1 |
_4440 _7ca _8rus _aАлександрова _bК. _cиллюстратор _gКира _92653158 _3RU\NLR\AUTH\770281191 |
|
| 942 | _cBOOK | ||
| 980 | _aNB | ||